Statistics for Members of the family of cats

Click here to take the quiz!

General Stats

  • This quiz has been taken 119 times
  • The average score is 13 of 41

Answer Stats

GenusContinentFelinae% Correct
PantheraAfricaLion
98%
PantheraAsiaTiger
95%
PantheraAfrica/AsiaLeopard
84%
PrionailurusAsiaLeopard Cat
84%
PumaSouth/North AmericaCougar
81%
PantheraSouth AmericaJaguar
81%
UnciaAsiaSnow Leopard
70%
AcinonyxAfricaCheetah
67%
LynxNorth AmericaBobcat
60%
LeopardusSouth AmericaOcelot
53%
FelisworldwideDomestic Cat
51%
LeptailurusAfricaServal
44%
LynxEurope/AsiaEurasian Lynx
33%
PumaSouth AmericaJaguarundi
33%
NeofelisAsiaBornean Clouded Leopard
30%
CaracalAfrica/AsiaCaracal
30%
NeofelisAsiaClouded Leopard
30%
FelisAfrica/Asia/EuropeWildcat
28%
LynxNorth AmericaCanadian Lynx
23%
FelisAfrica/AsiaSand Cat
23%
OtocolobusAsiaPallas's Cat
21%
FelisAfricaBlack-footed Cat
19%
FelisAfrica/AsiaJungle Cat
19%
LeopardusSouth AmericaMargay
19%
PrionailurusAsiaFishing Cat
16%
LynxEuropeIberian Lynx
16%
ProfelisAfricaAfrican Golden Cat
14%
CatopumaAsiaAsian Golden Cat
14%
LeopardusSouth AmericaGeoffroy's Cat
14%
FelisAsiaChinese Mountain Cat
12%
LeopardusSouth AmericaPampas Cat
12%
LeopardusSouth AmericaAndean Mountain Cat
9%
CatopumaAsiaBay Cat
9%
PrionailurusAsiaFlat-headed Cat
9%
PrionailurusAsiaRusty-spotted Cat
9%
LeopardusSouth AmericaKodkod
7%
PardofelisAsiaMarbled Cat
5%
LeopardusSouth AmericaOncilla
5%
LeopardusSouth AmericaColocolo
2%
PrionailurusAsiaIriomote Cat
2%
LeopardusSouth AmericaPantanal Cat
2%

Score Distribution

Percentile by Number Answered

Percent of People with Each Score

Your Score History

You have not taken this quiz